[Event "Mosquera op"]
[Site "Mosquera"]
[Date "2014.11.01"]
[Round "4"]
[White "Bello, Javier"]
[Black "Gonzalez, Robert"]
[Result "1-0"]
[WhiteElo "1706"]
[BlackElo "2031"]
[PlyCount "127"]
[EventDate "2014.10.30"]
[EventType "swiss"]
[EventRounds "9"]
[EventCountry "COL"]
[SourceTitle "EXT 2015"]
[Source "ChessBase"]
[SourceDate "2014.11.20"]
[SourceVersion "1"]
[SourceVersionDate "2014.11.20"]
[SourceQuality "1"]

1. e4 d6 2. d4 Nf6 3. Bd3 g6 4. Bg5 c5 5. dxc5 Qa5+ 6. Qd2 Qxc5 7. Be3 Qc7 8. f3 Bg7 9. Nc3 a6 10. Nge2 Nc6 11. Nf4 e6 12. a3 b5 13. Rd1 0-0 14. 0-0 Bb7 15. h4 h5 16. Nh3 Rad8 17. Qf2 Rd7 18. Ne2 Ne5 19. c3 Nxd3 20. Rxd3 d5 21. Bb6 Qb8 22. Bc5 Rc8 23. Rfd1 Qc7 24. Bb6 Qc6 25. e5 Nh7 26. Bd4 Qc7 27. Qe3 Re8 28. Ng5 Qd8 29. f4 Bc8 30. Qh3 Rb7 31. g4 Nxg5 32. hxg5 hxg4 33. Qxg4 Rc7 34. Bb6 Qe7 35. Rd4 Rc6 36. Ba5 Qa7 37. Kg2 Bf8 38. Rh1 Bc5 39. Qh3 Kf8 40. Qh8+ Ke7 41. Qf6+ Kd7 42. Qxf7+ Re7 43. Qf8 Bb6 44. Bb4 Bc5 45. Rh8 Qc7 46. Rg8 Bxb4 47. axb4 Rc4 48. Kf3 Bb7 49. Ke3 Qb6 50. Rxg6 Rc8 51. Qf6 a5 52. bxa5 Qxa5 53. f5 Rc6 54. Nf4 Rh7 55. fxe6+ Kc7 56. Rg7+ Rxg7 57. Qxg7+ Kb8 58. Qf8+ Rc8 59. Qd6+ Ka8 60. e7 Qa1 61. Qa3+ Qxa3 62. bxa3 Rxc3+ 63. Kd2 Rc8 64. Nxd5 1-0